Pays du monde par les 3 premières lettres - Statistiques

Statistiques générales
  • Ce quiz a été pris 715 fois
  • Le résultat moyen est 137 sur 196
Réponses sur la Carte
Les réponses sont colorées sur une échelle allant du rouge au vert en fonction du pourcentage des utilisateurs qui les ont devinées à leur premier essai. Vous pouvez retrouver ces pourcentages ci-dessous.
 
Statistiques - réponses
Pays % Correct
France
98%
Canada
97%
États-Unis
96%
Chili
95%
Chine
95%
Espagne
95%
Russie
95%
Brésil
94%
Îles Marshall
94%
Royaume-Uni
94%
Allemagne
93%
Maroc
93%
Biélorussie
92%
Irlande
92%
Italie
92%
Mexique
92%
Portugal
92%
Australie
91%
Belgique
91%
Belize
91%
Inde
91%
Indonésie
91%
Algérie
90%
Argentine
90%
Finlande
90%
Monaco
89%
Mongolie
89%
Monténégro
89%
Norvège
89%
Afrique du Sud
88%
Danemark
88%
Islande
88%
Japon
88%
Suède
88%
Turkménistan
88%
Turquie
88%
Égypte
87%
Malaisie
87%
Malawi
87%
Maldives
87%
Mali
87%
Malte
87%
Suisse
86%
Pologne
85%
République tchèque
85%
Madagascar
84%
Tunisie
84%
Ukraine
84%
Corée du Nord
83%
Corée du Sud
83%
Grèce
83%
Grenade
83%
Liban
83%
Liberia
83%
Libye
83%
Uruguay
83%
Arabie Saoudite
82%
Colombie
82%
Honduras
82%
Hongrie
82%
Lituanie
82%
Pays-Bas
82%
Paraguay
81%
Pérou
81%
Estonie
80%
Irak
80%
Iran
80%
Lettonie
80%
République Centrafricaine
80%
République démocratique du Congo
79%
République du Congo
79%
Autriche
78%
Bolivie
78%
Kazakhstan
78%
République dominicaine
78%
Venezuela
78%
Nouvelle-Zélande
77%
Roumanie
76%
Cambodge
75%
Cameroun
75%
Cuba
75%
Île Maurice
75%
Équateur
74%
Pakistan
74%
Croatie
73%
Slovaquie
73%
Slovénie
73%
Yémen
73%
Panama
72%
Angola
71%
Botswana
71%
Émirats arabes unis
71%
Guyana
71%
Mauritanie
71%
Soudan
71%
Soudan du Sud
71%
Tchad
71%
Afghanistan
70%
Kirghizistan
70%
Kiribati
70%
Oman
70%
Bulgarie
69%
Niger
69%
Nigeria
69%
Sénégal
69%
Suriname
69%
Thaïlande
69%
Éthiopie
68%
Guinée
68%
Guinée-Bissau
68%
Guinée équatoriale
68%
Ouzbékistan
68%
Viêt Nam
67%
Philippines
66%
Saint-Marin
66%
Serbie
66%
Somalie
66%
Albanie
65%
Guatemala
65%
Kosovo
65%
Laos
65%
Saint-Christophe-et-Niévès
65%
Sainte-Lucie
65%
Saint-Vincent-et-les-Grenadines
65%
Israël
64%
Costa Rica
63%
Jordanie
63%
Népal
63%
Syrie
63%
Bahamas
62%
Bahreïn
62%
Haïti
62%
Nicaragua
62%
Birmanie
61%
Bosnie-Herzégovine
61%
Érythrée
61%
Salomon
61%
Salvador
61%
Taïwan
61%
Azerbaïdjan
60%
Luxembourg
60%
Moldavie
60%
Qatar
60%
Togo
60%
Arménie
59%
Côte d'Ivoire
59%
Géorgie
59%
Jamaïque
59%
Kenya
59%
Macédoine du Nord
59%
Papouasie-Nouvelle-Guinée
58%
Zambie
58%
Burkina Faso
57%
Burundi
57%
Ghana
57%
Sri Lanka
57%
Zimbabwe
57%
Bangladesh
56%
Lesotho
56%
Namibie
56%
Bénin
55%
Cap-Vert
55%
Tadjikistan
55%
Tanzanie
55%
Bhoutan
54%
Chypre
54%
Gabon
54%
Mozambique
54%
Andorre
53%
Antigua-et-Barbuda
50%
Djibouti
50%
Koweït
50%
Vatican
50%
Comores
49%
Ouganda
49%
Sierra Leone
48%
Eswatini
47%
Fidji
47%
Rwanda
47%
Dominique
46%
Seychelles
46%
Gambie
45%
Palaos
45%
Sao-Tomé-et-Principe
45%
Liechtenstein
44%
Micronésie
44%
Nauru
41%
Barbade
40%
Vanuatu
40%
Tonga
39%
Tuvalu
39%
Samoa
36%
Trinité-et-Tobago
33%
Brunei
30%
Singapour
28%
Timor oriental
27%
Aucun quiz correspondant
Distribution des résultats
% des personnes avec chaque résultat
Percentile par nombre de réponses
Votre historique - résultats
Vous n’avez pas pris ce quiz